00617nam a2200205Ia 4500003000400000005001700004008004100021020001900062040000700081041000800088082001600096100002600112245003800138260003900176300000900215650002300224942001300247999001900260952013200279OSt20260508103744.0250729s2012 xx 000 0 und d a978-9381466582 cAL aeng a371.25 SHAF aDr.R.A.Sharma9231433 aFundamentals of special education aNew DelhibR Lall Book Depotc2012 a500p aPsychology9231434 2ddccBED c239279d239279 00104070aALbALd2025-07-29eManagement Booksg185.00l0o371.25 SHAFpBED04598r2025-07-29 16:57:25v185.00w2025-07-29yBK